[Event "4NCL Online Division 5"]
[Site "online"]
[Date "2021.10.19"]
[EventDate "2021.10.19"]
[Round "5.153"]
[White "Burnton, Joshua"]
[WhiteElo "1374"]
[WhiteTeam "MHJ Bishops"]
[Black "Holmes, Nick D"]
[BlackElo "1497"]
[BlackTeam "Shropshire and Friends 6"]
[Result "0-1"]
[PlyCount "54"]

1. e4 c5 2. Nc3 d6 3. f4 a6 4. Nf3 Nc6 5. a4 g6 6. Bc4 Bg7 7. O-O Bg4 8. h3 Bxf3 9. Rxf3 Nd4 10. Rf2 e6 11. d3 Ne7 12. Qg4 O-O 13. Nd1 b5 14. Bb3 Nec6 15. Be3 Nxb3 16. cxb3 Nb4 17. Rd2 Rc8 18. d4 cxd4 19. Bxd4 Bxd4+ 20. Rxd4 Nc2 21. Rd2 Nxa1 22. Ne3 Nxb3 23. Rd3 Nc5 24. Rd4 Nxa4 25. f5 Qb6 26. Rd3 Nxb2 27. Rb3 Nc4 0-1

[Event "4NCL Online Division 5"]
[Site "online"]
[Date "2021.10.19"]
[EventDate "2021.10.19"]
[Round "5.154"]
[White "Bonner, Dennis M"]
[WhiteElo "1477"]
[WhiteTeam "Shropshire and Friends 6"]
[Black "Qiu, Calvin"]
[BlackElo "976"]
[BlackTeam "MHJ Bishops"]
[Result "1-0"]
[PlyCount "103"]

1. d4 d5 2. Bf4 Nf6 3. e3 Bf5 4. c3 e6 5. Nf3 c5 6. Bd3 Bg6 7. Ne5 Bxd3 8. Qxd3 Nbd7 9. Nd2 Nxe5 10. dxe5 Nd7 11. O-O g6 12. Bg3 Bg7 13. f4 O-O 14. Nf3 c4 15. Qc2 Nc5 16. Bh4 Qc7 17. Bf6 Bxf6 18. exf6 Ne4 19. Ne5 Nxf6 20. g4 Nd7 21. Nf3 Qb6 22. Qe2 Nc5 23. Kh1 Ne4 24. Ne5 Qd6 25. g5 f6 26. gxf6 Rxf6 27. Ng4 Rff8 28. Rf3 h5 29. Ne5 Kg7 30. Qg2 g5 31. Rh3 h4 32. Rxh4 Rf5 33. Rg4 Rg8 34. Nf3 Kf6 35. Rg1 b5 36. Nd4 gxf4 37. Rxg8 f3 38. Qg6+ Ke7 39. Nxf5+ exf5 40. Qxd6+ Kxd6 41. Rf1 f2 42. Kg2 Ke5 43. Ra8 f4 44. exf4+ Kxf4 45. Rxa7 Ke3 46. Re7 Kd2 47. Re5 Kc2 48. Rxd5 Kxb2 49. Rxb5+ Kxa2 50. Rxf2+ Ka3 51. Rf3 Ka4 52. Rb8 1-0

[Event "4NCL Online Division 5"]
[Site "online"]
[Date "2021.10.19"]
[EventDate "2021.10.19"]
[Round "5.161"]
[White "Thompson, Richard G"]
[WhiteElo "1474"]
[WhiteTeam "Shropshire and Friends 7"]
[Black "Lane, Anthony J"]
[BlackElo "1711"]
[BlackTeam "Bolton and Worsley 2"]
[Result "0-1"]
[PlyCount "68"]

1. d4 f5 2. Bf4 d6 3. Nf3 Nf6 4. e3 g6 5. Nc3 Bg7 6. h4 Nh5 7. Bh2 e6 8. Be2 Nd7 9. Ng5 Ndf6 10. g3 h6 11. Nh3 c6 12. Nf4 Nxf4 13. gxf4 h5 14. Bf3 Ng4 15. Qe2 d5 16. Bg3 Qc7 17. O-O-O b5 18. a3 a5 19. Kb1 Ba6 20. Qd2 Bf8 21. Ka2 a4 22. Kb1 b4 23. Nxa4 bxa3 24. b3 Be7 25. Nc5 Bxc5 26. dxc5 Kf7 27. Qd4 Rhb8 28. Ka2 Qa5 29. Bxg4 hxg4 30. h5 Rb4 31. hxg6+ Kxg6 32. Qe5 Re4 33. Qd6 Qc3 34. Kxa3 Bb5# 0-1

[Event "4NCL Online Division 5"]
[Site "online"]
[Date "2021.10.19"]
[EventDate "2021.10.19"]
[Round "5.162"]
[White "Busznyak, Arpad"]
[WhiteElo "1602"]
[WhiteTeam "Bolton and Worsley 2"]
[Black "Smith, Jonathan"]
[BlackElo "1445"]
[BlackTeam "Shropshire and Friends 7"]
[Result "1-0"]
[PlyCount "49"]

1. e4 e5 2. Nf3 Nc6 3. Bc4 Nf6 4. Nc3 h6 5. d4 exd4 6. Nxd4 Nxd4 7. Qxd4 d6 8. O-O Be6 9. Bb5+ c6 10. Bd3 Be7 11. Bf4 c5 12. Qa4+ Qd7 13. Rad1 Qxa4 14. Nxa4 O-O 15. f3 Bd7 16. Nc3 a6 17. Be2 Ne8 18. e5 Bc6 19. exd6 Bd8 20. Ne4 Bxe4 21. fxe4 f6 22. Rf3 Bb6 23. Be3 Rd8 24. e5 fxe5 25. Bc4+ 1-0

[Event "4NCL Online Division 5"]
[Site "online"]
[Date "2021.10.19"]
[EventDate "2021.10.19"]
[Round "5.163"]
[White "Evans, Alf"]
[WhiteElo "1328"]
[WhiteTeam "Shropshire and Friends 7"]
[Black "Chadwick, Donna"]
[BlackElo "989"]
[BlackTeam "Bolton and Worsley 2"]
[Result "0-1"]
[PlyCount "66"]

1. e4 d5 2. exd5 Qxd5 3. Nc3 Qd8 4. d3 e6 5. Nf3 Nf6 6. Be2 Bd6 7. Bg5 O-O 8. Ne4 Be7 9. Nxf6+ Bxf6 10. Be3 Bxb2 11. Rb1 Bc3+ 12. Bd2 Bxd2+ 13. Qxd2 b6 14. O-O c5 15. c4 Nc6 16. Qf4 Bb7 17. Rfe1 Qd7 18. h4 f6 19. h5 e5 20. Qe3 Rad8 21. Rbd1 Nd4 22. Nxd4 cxd4 23. Qg3 Rfe8 24. f3 Qf5 25. Qh2 Qg5 26. g4 f5 27. Qg2 fxg4 28. Qxg4 Qe3+ 29. Kg2 Rf8 30. Qg3 Rf5 31. Qh3 Rdf8 32. Kh2 Qf2+ 33. Qg2 Rxh5# 0-1

[Event "4NCL Online Division 5"]
[Site "online"]
[Date "2021.10.19"]
[EventDate "2021.10.19"]
[Round "5.171"]
[White "Nunn, Michael"]
[WhiteElo "1451"]
[WhiteTeam "Bude Surfers B"]
[Black "Pereira, Nolan"]
[BlackElo "1906"]
[BlackTeam "Colchester JFF A"]
[Result "0-1"]
[PlyCount "42"]

1. e4 c5 2. d4 cxd4 3. c3 dxc3 4. Nxc3 d6 5. Bc4 Nf6 6. e5 Nfd7 7. exd6 exd6 8. Qe2+ Be7 9. Nd5 Ne5 10. Bb3 O-O 11. Nf3 Re8 12. O-O Bg4 13. Re1 Nxf3+ 14. gxf3 Be6 15. Qb5 Nc6 16. Qxb7 Nd4 17. Nxe7+ Rxe7 18. Qe4 Bxb3 19. Qxe7 Nxf3+ 20. Kf1 Bc4+ 21. Re2 Qxe7 0-1

[Event "4NCL Online Division 5"]
[Site "online"]
[Date "2021.10.19"]
[EventDate "2021.10.19"]
[Round "5.172"]
[White "Catabay, Mae Katelyn Rose"]
[WhiteElo "1586"]
[WhiteTeam "Colchester JFF A"]
[Black "Richards, Maurice A"]
[BlackElo "1497"]
[BlackTeam "Bude Surfers B"]
[Result "1-0"]
[PlyCount "97"]

1. d4 d5 2. c4 e6 3. Nc3 Be7 4. Nf3 Nf6 5. Bf4 a6 6. cxd5 exd5 7. e3 Bg4 8. Be2 Nbd7 9. O-O Nh5 10. Bg3 Nxg3 11. fxg3 Bxf3 12. Bxf3 c6 13. Qd3 O-O 14. e4 dxe4 15. Nxe4 Nf6 16. g4 Nxe4 17. Bxe4 h6 18. Rf3 Bf6 19. Rd1 Qb6 20. Qd2 Rad8 21. Rxf6 Rxd4 22. Qxd4 Qxd4+ 23. Rxd4 gxf6 24. Rd7 Rb8 25. Kf2 Kf8 26. Bf5 c5 27. Rc7 b6 28. Rc8+ Rxc8 29. Bxc8 Ke7 30. Bxa6 Kd6 31. Ke3 Ke5 32. Bc4 f5 33. gxf5 Kxf5 34. Bxf7 Ke5 35. Kd3 Kd6 36. Kc4 Kc6 37. Be8+ Kc7 38. Kb5 Kb7 39. g4 Kb8 40. h4 Kb7 41. g5 hxg5 42. hxg5 Kc7 43. g6 Kb7 44. g7 Kc7 45. g8=Q Kd6 46. Qg6+ Kc7 47. Qc6+ Kb8 48. Kxb6 c4 49. Qb7# 1-0

[Event "4NCL Online Division 5"]
[Site "online"]
[Date "2021.10.19"]
[EventDate "2021.10.19"]
[Round "5.173"]
[White "Constable, Christine F"]
[WhiteElo "1415"]
[WhiteTeam "Bude Surfers B"]
[Black "Kanellopoulos, Nikolas"]
[BlackElo "1478"]
[BlackTeam "Colchester JFF A"]
[Result "1-0"]
[PlyCount "135"]

1. d4 d5 2. Nf3 Nf6 3. e3 e6 4. Bd3 Be7 5. Nbd2 O-O 6. O-O Nbd7 7. b3 c5 8. Bb2 b6 9. Ne5 Bb7 10. Rc1 Nxe5 11. dxe5 Nd7 12. Nf3 Qc8 13. c4 Re8 14. cxd5 exd5 15. Qc2 h6 16. Qc3 Bf8 17. Bf5 Qc7 18. Bd3 Nb8 19. Bb5 Bc6 20. Bd3 Bb7 21. Bb1 Na6 22. Qc2 g6 23. Qc3 Bg7 24. h3 Nb4 25. h4 Ba6 26. Rfd1 Rad8 27. Qxb4 Be2 28. Qf4 Bxd1 29. Rxd1 Qe7 30. Qg3 Qe6 31. Rd2 h5 32. Ng5 Qg4 33. Qf4 Qxf4 34. exf4 d4 35. Bd3 Bh6 36. Bc4 Re7 37. g3 Kg7 38. Kg2 f6 39. Ne6+ Rxe6 40. Bxe6 fxe5 41. Re2 d3 42. Bxe5+ Kf8 43. Rd2 Re8 44. Bc4 Rxe5 45. Rxd3 Re7 46. Kf3 Kg7 47. Rd6 Kh7 48. Bd3 Rg7 49. f5 Kh8 50. fxg6 Bd2 51. Rd8+ Rg8 52. Rxg8+ Kxg8 53. Ke2 Bc3 54. f3 Kg7 55. g4 hxg4 56. fxg4 Be5 57. Kf3 b5 58. h5 a6 59. Ke4 Bf6 60. Kd5 Kh6 61. Kxc5 Kg5 62. Be2 Kf4 63. Kd5 a5 64. Ke6 Kg5 65. Kf7 a4 66. bxa4 bxa4 67. g7 Bxg7 68. Kxg7 1-0

[Event "4NCL Online Division 5"]
[Site "online"]
[Date "2021.10.19"]
[EventDate "2021.10.19"]
[Round "5.174"]
[White "Chung, Vince"]
[WhiteElo "1462"]
[WhiteTeam "Colchester JFF A"]
[Black "Russell, Lloyd"]
[BlackElo "1323"]
[BlackTeam "Bude Surfers B"]
[Result "0-1"]
[PlyCount "92"]

1. e4 c6 2. d4 d5 3. e5 c5 4. c3 cxd4 5. cxd4 Nc6 6. Nf3 Bg4 7. Be3 e6 8. Nbd2 Nge7 9. Bb5 a6 10. Qc2 axb5 11. O-O Bf5 12. Qb3 b4 13. a3 Ng6 14. axb4 Nxb4 15. Ra4 Bc2 16. Rxa8 Qxa8 17. Qc3 h6 18. Nb3 Be4 19. Ra1 Qb8 20. Na5 Be7 21. Bd2 O-O 22. Qb3 b6 23. Ne1 bxa5 24. Rxa5 Nc6 25. Qxb8 Rxb8 26. Bc3 Nxa5 27. Bxa5 Rxb2 28. Bc3 Rb1 29. h3 Bb4 30. Bxb4 Rxb4 31. Kh2 Rxd4 32. Nf3 Bxf3 33. gxf3 Rf4 34. Kg3 d4 35. Kg2 d3 36. Kf1 Nxe5 37. Ke1 Rxf3 38. Kd2 Rxf2+ 39. Ke1 Ra2 40. Kd1 d2 41. h4 Nc4 42. h5 Ra1+ 43. Ke2 d1=Q+ 44. Kf2 Qd3 45. Kg2 Ra2+ 46. Kg1 Qd1# 0-1

[Event "4NCL Online Division 5"]
[Site "online"]
[Date "2021.10.19"]
[EventDate "2021.10.19"]
[Round "5.181"]
[White "Foreman, Anthony"]
[WhiteElo "1492"]
[WhiteTeam "Catford Cosmonauts 4"]
[Black "Roome, Gregory"]
[BlackElo "1601"]
[BlackTeam "Wells Globetrotters 2"]
[Result "1-0"]
[PlyCount "147"]

1. Nf3 d5 2. b3 c5 3. e3 Nc6 4. Bb5 Bg4 5. h3 Bh5 6. d4 e6 7. Be2 Nf6 8. O-O cxd4 9. exd4 Bd6 10. Bb2 O-O 11. Nbd2 Bg6 12. Nh4 Rc8 13. Nxg6 fxg6 14. Nf3 Ne4 15. Bd3 Nb4 16. Bxe4 dxe4 17. Ne1 Qc7 18. c3 Nd5 19. c4 Nf4 20. Nc2 Nd3 21. Bc1 Bh2+ 22. Kh1 Nxf2+ 23. Rxf2 Rxf2 24. Ne3 Rcf8 25. Ba3 R8f7 26. Qg4 Qg3 27. Qxe4 Re2 28. Qxe6 Qxe3 29. Qc8+ Qe8 30. Qxe8+ Rxe8 31. Kxh2 Rf2 32. Kg3 Ree2 33. Rg1 Rxa2 34. d5 Rfd2 35. Bb4 Rd3+ 36. Kf4 b5 37. Ke4 bxc4 38. bxc4 Rb3 39. Bc5 a5 40. Rf1 h5 41. Rf8+ Kh7 42. d6 Rb7 43. Kd5 Rb3 44. Kc6 Rd2 45. d7 Rbd3 46. Rf7 a4 47. Kc7 a3 48. Bxa3 Rxa3 49. c5 Rad3 50. c6 Kg8 51. Re7 Rxg2 52. Re8+ Kf7 53. d8=Q Rxd8 54. Rxd8 Rc2 55. Rd7+ Kf6 56. Rd6+ Kf5 57. Kd7 g5 58. c7 Rxc7+ 59. Kxc7 g6 60. Kc6 g4 61. hxg4+ hxg4 62. Kd5 g3 63. Kc4 g5 64. Rd2 Kf4 65. Kd4 Kf3 66. Rd3+ Kf2 67. Rd2+ Kf1 68. Ke3 g4 69. Rd1+ Kg2 70. Kf4 Kh3 71. Rd3 Kh4 72. Rxg3 Kh5 73. Rxg4 Kh6 74. Kf5 1-0

[Event "4NCL Online Division 5"]
[Site "online"]
[Date "2021.10.19"]
[EventDate "2021.10.19"]
[Round "5.182"]
[White "Jukes, Ben"]
[WhiteElo "1600"]
[WhiteTeam "Wells Globetrotters 2"]
[Black "Hunt, Iain"]
[BlackElo "1238"]
[BlackTeam "Catford Cosmonauts 4"]
[Result "1-0"]
[PlyCount "103"]

1. d4 Nf6 2. c4 g6 3. Nc3 d5 4. Nf3 Bg7 5. Bf4 O-O 6. Rc1 Ne4 7. Nxd5 Na6 8. e3 c6 9. Nc3 Nxc3 10. bxc3 Qa5 11. Qb3 c5 12. Bd3 Bg4 13. Ne5 Bc8 14. O-O Nb8 15. Qb5 Qxb5 16. cxb5 cxd4 17. cxd4 f6 18. Nf3 Re8 19. h3 Nd7 20. Rc7 Nb6 21. Be4 f5 22. Bxb7 Bxb7 23. Rxb7 Nd5 24. Bg3 Nc3 25. a3 Ne2+ 26. Kh2 Nxg3 27. Kxg3 Bf6 28. Rc1 Reb8 29. Rcc7 Rxb7 30. Rxb7 h6 31. a4 e6 32. Ne1 Bd8 33. Nd3 Bb6 34. Re7 Rf8 35. Rxe6 Kg7 36. Nf4 Rf6 37. Rxf6 Kxf6 38. Nd5+ Ke6 39. Nxb6 axb6 40. Kf4 Kd5 41. g4 fxg4 42. hxg4 Ke6 43. e4 Kd6 44. Ke3 Ke6 45. f4 Kd6 46. f5 gxf5 47. exf5 Kd5 48. Kf4 Kd6 49. Ke4 Ke7 50. Ke5 Kf7 51. Kd6 Kf6 52. Kc6 1-0

[Event "4NCL Online Division 5"]
[Site "online"]
[Date "2021.10.19"]
[EventDate "2021.10.19"]
[Round "5.183"]
[White "Hillier, Stanley"]
[WhiteElo "1175"]
[WhiteTeam "Catford Cosmonauts 4"]
[Black "Hayes, Solomon"]
[BlackElo "1479"]
[BlackTeam "Wells Globetrotters 2"]
[Result "0-1"]
[PlyCount "92"]

1. d4 Nf6 2. c4 e6 3. Nc3 Bb4 4. Qc2 O-O 5. Nf3 d5 6. e3 Nbd7 7. a3 Bxc3+ 8. Qxc3 c5 9. cxd5 Nxd5 10. Qc2 cxd4 11. exd4 b6 12. Bd3 f5 13. O-O Bb7 14. Bg5 N7f6 15. Rae1 Qd6 16. h4 Nf4 17. g3 Qd5 18. Re3 Nh3+ 19. Kg2 Nxg5 20. hxg5 Ng4 21. Be2 Nxe3+ 22. fxe3 Rac8 23. Qd2 Rc7 24. Kg1 Rfc8 25. Kh2 Rc2 26. Qd1 Rxb2 27. Qe1 Rcc2 28. Rf2 Qxf3 29. Bxf3 Rxf2+ 30. Kg1 Bxf3 31. Qxf2 Rxf2 32. Kxf2 Bd5 33. Ke2 Kf7 34. Kd2 Kg6 35. Kc3 Kxg5 36. Kb4 a6 37. a4 Kg4 38. a5 bxa5+ 39. Kxa5 Kxg3 40. Kxa6 Kf3 41. Kb5 Kxe3 42. Kc5 f4 43. Kd6 f3 44. Ke5 f2 45. Kd6 f1=Q 46. Ke5 Qf4# 0-1

[Event "4NCL Online Division 5"]
[Site "online"]
[Date "2021.10.19"]
[EventDate "2021.10.19"]
[Round "5.184"]
[White "Austin, Antony"]
[WhiteElo "1349"]
[WhiteTeam "Wells Globetrotters 2"]
[Black "Asthana, Arushi"]
[BlackElo "1100"]
[BlackTeam "Catford Cosmonauts 4"]
[Result "1-0"]
[PlyCount "73"]

1. d4 d5 2. Nf3 Nf6 3. Bf4 e6 4. Nbd2 c5 5. e3 Nc6 6. Bb5 Bd7 7. O-O Be7 8. a3 a6 9. Bxc6 Bxc6 10. Ne5 O-O 11. Qf3 Ne4 12. Rad1 Nxd2 13. Rxd2 Bb5 14. Rfd1 c4 15. Qg3 c3 16. bxc3 Bxa3 17. Bh6 g6 18. Bxf8 Qxf8 19. Re1 Bb2 20. e4 a5 21. Rb1 Qa3 22. c4 Qa2 23. Rbd1 dxc4 24. c3 a4 25. Qf3 Be8 26. Nxc4 Qxc4 27. Rxb2 a3 28. Rb4 a2 29. Ra1 Qa6 30. d5 Qa3 31. Rxb7 Qc1+ 32. Rxc1 a1=Q 33. Qd1 Qa6 34. Rcb1 Rc8 35. dxe6 fxe6 36. Qd4 Bf7 37. Rb8 1-0

[Event "4NCL Online Division 5"]
[Site "online"]
[Date "2021.10.19"]
[EventDate "2021.10.19"]
[Round "5.191"]
[White "Celebi, Serhan"]
[WhiteElo "1553"]
[WhiteTeam "Guildford Castles 3"]
[Black "Moradmand, Bardia"]
[BlackElo "1379"]
[BlackTeam "QMUL B"]
[Result "0-1"]
[PlyCount "82"]

1. e4 e5 2. Nf3 Nc6 3. Bb5 Nf6 4. O-O Nxe4 5. Re1 Nf6 6. Nxe5 Be7 7. d4 O-O 8. c4 Nxe5 9. dxe5 Ne8 10. Nc3 c6 11. Ba4 d6 12. Qh5 dxe5 13. Qxe5 Bd6 14. Qh5 Nf6 15. Qh4 h6 16. Bc2 Ng4 17. Qxd8 Rxd8 18. Ne4 Bxh2+ 19. Kf1 Be5 20. Nc3 Be6 21. c5 Bd4 22. Be3 Nxe3+ 23. fxe3 Bxc5 24. Rad1 Rxd1 25. Bxd1 Bb4 26. a3 Bxc3 27. bxc3 a5 28. Bf3 Rd8 29. Rb1 Rd7 30. Ke1 Kh7 31. Be4+ f5 32. Bf3 g5 33. Rd1 Rxd1+ 34. Bxd1 Kg6 35. Kf2 g4 36. Kg3 Kg5 37. Kf2 h5 38. g3 h4 39. Be2 h3 40. Bf1 b5 41. Kg1 Bc4 0-1

[Event "4NCL Online Division 5"]
[Site "online"]
[Date "2021.10.19"]
[EventDate "2021.10.19"]
[Round "5.192"]
[White "Camara, Pedro"]
[WhiteElo "1391"]
[WhiteTeam "QMUL B"]
[Black "Garrood, Anthony"]
[BlackElo "1518"]
[BlackTeam "Guildford Castles 3"]
[Result "0-1"]
[PlyCount "94"]

1. e4 e5 2. Nf3 Nc6 3. Bc4 Bc5 4. O-O Nf6 5. d4 Bxd4 6. Nxd4 Nxd4 7. Bg5 h6 8. Bh4 g5 9. Bg3 d6 10. Nc3 Qe7 11. Re1 Be6 12. Nd5 Nxd5 13. exd5 Bd7 14. c3 Nf5 15. Qf3 O-O-O 16. b4 Nxg3 17. Qxg3 f5 18. a4 f4 19. Qd3 Qf6 20. f3 Bf5 21. Qe2 h5 22. Qf2 Kb8 23. b5 g4 24. a5 g3 25. Qe2 gxh2+ 26. Kh1 h4 27. b6 h3 28. bxa7+ Ka8 29. Ba6 hxg2+ 30. Kxg2 Rdg8+ 31. Kh1 Rg1+ 32. Rxg1 hxg1=Q+ 33. Kxg1 Qg5+ 34. Qg2 Qxg2+ 35. Kxg2 bxa6 36. Kf2 Kxa7 37. Rg1 Rh2+ 38. Ke1 Ra2 39. Rg7 Kb7 40. Rf7 Bd3 41. Kd1 Rxa5 42. Kd2 Bc4 43. Rg7 Bxd5 44. Kd3 Bxf3 45. Rg1 e4+ 46. Kd4 e3 47. Rf1 e2 0-1

[Event "4NCL Online Division 5"]
[Site "online"]
[Date "2021.10.19"]
[EventDate "2021.10.19"]
[Round "5.193"]
[White "Moreno Serrano, Carlos"]
[WhiteElo "1521"]
[WhiteTeam "Guildford Castles 3"]
[Black "Ishikawa, Ryo"]
[BlackElo "1150"]
[BlackTeam "QMUL B"]
[Result "0-1"]
[PlyCount "74"]

1. c4 e5 2. Nc3 Bb4 3. e4 Nf6 4. g3 O-O 5. Nge2 d6 6. Bg2 Nc6 7. h3 Bc5 8. O-O Bd7 9. Kh2 a6 10. f4 b5 11. cxb5 axb5 12. Nxb5 Nb4 13. Nbc3 Nd3 14. f5 Nf2 15. Qe1 Nd3 16. Qd1 Bc6 17. Nd5 Bxd5 18. exd5 Nd7 19. Nc3 Nb6 20. Be4 Nf2 21. Qe2 Nxe4 22. Qxe4 Re8 23. d3 Nd7 24. Be3 Nf6 25. Qf3 Bxe3 26. Qxe3 Ra5 27. Qf3 Qa8 28. b4 Ra3 29. Rfc1 Rb8 30. b5 Qa5 31. Ne4 Nxe4 32. Qxe4 Rxb5 33. Qh4 Rb2+ 34. Kg1 f6 35. Qc4 Qd2 36. Qe4 Qf2+ 37. Kh1 Qh2# 0-1

[Event "4NCL Online Division 5"]
[Site "online"]
[Date "2021.10.19"]
[EventDate "2021.10.19"]
[Round "5.194"]
[White "Jeevan, Senthuran"]
[WhiteElo "1100"]
[WhiteTeam "QMUL B"]
[Black "Kelly, Adam"]
[BlackElo "896"]
[BlackTeam "Guildford Castles 3"]
[Result "1-0"]
[PlyCount "125"]

1. d4 d5 2. e3 e6 3. c4 Nf6 4. Nd2 Be7 5. Ngf3 O-O 6. Be2 b6 7. b3 Bb7 8. Bb2 Nbd7 9. O-O c5 10. Qc2 Rc8 11. Rfd1 cxd4 12. Nxd4 dxc4 13. bxc4 Nc5 14. Bf3 Qc7 15. Nb5 Qb8 16. Bxf6 Bxf3 17. Nxf3 Bxf6 18. Rab1 Rfd8 19. Rxd8+ Rxd8 20. Rd1 Rxd1+ 21. Qxd1 Qd8 22. Qxd8+ Bxd8 23. Nxa7 Kf8 24. Nc6 Bc7 25. Ncd4 Ke7 26. Nb5 Bb8 27. Nfd4 Kd7 28. Nc3 e5 29. Nb3 Kc6 30. Kf1 f5 31. e4 Nxe4 32. Nxe4 fxe4 33. Ke2 b5 34. cxb5+ Kxb5 35. Nd2 Kb4 36. Nxe4 Ka3 37. Nc3 Kb2 38. Kd3 g5 39. Ne4 h6 40. a4 Bc7 41. g4 Kb3 42. Nc5+ Kb2 43. f3 Kc1 44. a5 Kd1 45. a6 Bb6 46. Nd7 Ba7 47. Nxe5 Ke1 48. Nc6 Bg1 49. a7 Bxa7 50. Nxa7 Kf2 51. Ke4 Kg2 52. Nc6 Kxh2 53. Nd4 Kg3 54. Nf5+ Kh3 55. Nxh6 Kg3 56. Nf7 Kh4 57. Kf5 Kg3 58. Nxg5 Kh4 59. Ne4 Kh3 60. g5 Kh4 61. g6 Kh5 62. g7 Kh6 63. g8=Q 1-0

[Event "4NCL Online Division 5"]
[Site "online"]
[Date "2021.10.19"]
[EventDate "2021.10.19"]
[Round "5.201"]
[White "Love, James"]
[WhiteElo "1597"]
[WhiteTeam "Crowthorne 2"]
[Black "Townend, Ron"]
[BlackElo "1541"]
[BlackTeam "War & Piece Banner"]
[Result "1-0"]
[PlyCount "67"]

1. e4 c6 2. Nc3 d5 3. d4 dxe4 4. Nxe4 Bf5 5. Ng3 Bg6 6. Bc4 e6 7. Nf3 Nf6 8. O-O Bd6 9. Bg5 Nbd7 10. c3 O-O 11. Qe2 Re8 12. Ne5 Be7 13. Rad1 Nd5 14. Bxe7 Qxe7 15. Nxg6 hxg6 16. Rfe1 N7f6 17. Ne4 Nf4 18. Qf3 N6h5 19. g4 b5 20. Bb3 a5 21. gxh5 Nxh5 22. Ng3 Qg5 23. Re5 f5 24. Rde1 Nf4 25. Bxe6+ Kh7 26. Kh1 Nxe6 27. Rxe6 Rxe6 28. Rxe6 Qc1+ 29. Kg2 Qxb2 30. Qxc6 Rf8 31. Rxg6 Qxa2 32. Rg5 f4 33. Qg6+ Kh8 34. Qxg7# 1-0

[Event "4NCL Online Division 5"]
[Site "online"]
[Date "2021.10.19"]
[EventDate "2021.10.19"]
[Round "5.202"]
[White "Thomas, Jacob"]
[WhiteElo "1481"]
[WhiteTeam "War & Piece Banner"]
[Black "Rao, Shree"]
[BlackElo "1533"]
[BlackTeam "Crowthorne 2"]
[Result "0-1"]
[PlyCount "20"]

1. e4 e6 2. d4 d5 3. Nc3 c5 4. Be3 c4 5. Nf3 Nc6 6. Be2 Bb4 7. O-O Bxc3 8. bxc3 Nf6 9. exd5 exd5 10. Bg5 Qd6 0-1

[Event "4NCL Online Division 5"]
[Site "online"]
[Date "2021.10.19"]
[EventDate "2021.10.19"]
[Round "5.203"]
[White "Ganeshbabu, Adarsharun"]
[WhiteElo "1382"]
[WhiteTeam "Crowthorne 2"]
[Black "Bailey, Duncan"]
[BlackElo "1389"]
[BlackTeam "War & Piece Banner"]
[Result "1-0"]
[PlyCount "135"]

1. d4 f5 2. c4 Nf6 3. Nc3 d6 4. g3 g6 5. Bg2 Bg7 6. Nf3 O-O 7. O-O c6 8. Qc2 Na6 9. a3 Be6 10. b3 Nc7 11. Ng5 Qd7 12. Nxe6 Nxe6 13. Rd1 a6 14. Bb2 Rac8 15. d5 cxd5 16. Nxd5 Nxd5 17. Bxd5 Kh8 18. Bxg7+ Kxg7 19. Bxe6 Qxe6 20. Qd3 Rfd8 21. Qd4+ Kf7 22. Qd5 Qxd5 23. Rxd5 Rc5 24. Rad1 Rxd5 25. Rxd5 e6 26. Rd3 d5 27. cxd5 Rxd5 28. Rc3 b6 29. Rc7+ Kf6 30. Rxh7 Rd1+ 31. Kg2 Ra1 32. Rb7 b5 33. a4 bxa4 34. bxa4 Rxa4 35. h4 a5 36. f4 Rb4 37. Ra7 a4 38. Kf3 Rb3+ 39. e3 a3 40. Ra5 Ke7 41. Ra7+ Kd6 42. Rg7 a2 43. Ra7 Rb2 44. g4 fxg4+ 45. Kxg4 Kc5 46. Kg5 Rg2+ 47. Kf6 Kd5 48. Ra5+ Ke4 49. Ra3 Kf3 50. Kxe6 Kg4 51. Kf6 Kxh4 52. e4 Kg4 53. f5 gxf5 54. exf5 Kf4 55. Ke6 Ke4 56. f6 Kd4 57. f7 Re2+ 58. Kd7 Kc4 59. f8=Q Rd2+ 60. Kc6 Rd5 61. Qf7 Kb4 62. Qxd5 Kxa3 63. Qd4 Kb3 64. Qa1 Ka3 65. Kb5 Kb3 66. Kc5 Ka3 67. Kc4 Ka4 68. Qxa2# 1-0

[Event "4NCL Online Division 5"]
[Site "online"]
[Date "2021.10.19"]
[EventDate "2021.10.19"]
[Round "5.204"]
[White "O'Neill, Stephen G"]
[WhiteElo "1385"]
[WhiteTeam "War & Piece Banner"]
[Black "McKean, Matthew"]
[BlackElo "1000"]
[BlackTeam "Crowthorne 2"]
[Result "0-1"]
[PlyCount "64"]

1. d4 d5 2. Nf3 Nf6 3. Bf4 Bf5 4. e3 e6 5. Nbd2 Be7 6. c4 c6 7. Be2 O-O 8. O-O Nbd7 9. Ne5 Nxe5 10. Bxe5 Rc8 11. Qb3 b6 12. Rac1 Bd6 13. Nf3 Ng4 14. cxd5 Bxe5 15. Nxe5 Nxe5 16. dxe5 exd5 17. Rfe1 Re8 18. f4 Re6 19. Bd3 Bg6 20. f5 Rxe5 21. fxg6 hxg6 22. Rc2 Qh4 23. Rec1 Rxe3 24. g3 Qd4 25. Kg2 Rxd3 26. Rc3 Rd2+ 27. Kh3 Qf2 28. Rh1 Qg2+ 29. Kg4 Rd4+ 30. Kg5 f6+ 31. Kxg6 Qe4+ 32. Kh5 Qg4# 0-1

[Event "4NCL Online Division 5"]
[Site "online"]
[Date "2021.10.19"]
[EventDate "2021.10.19"]
[Round "5.211"]
[White "Hany Kamal, Mohamed"]
[WhiteElo "1718"]
[WhiteTeam "Anglian Avengers 3"]
[Black "Singh, Hari"]
[BlackElo "1317"]
[BlackTeam "KCS U13B"]
[Result "1-0"]
[PlyCount "49"]

1. d4 Nf6 2. c4 g6 3. Nc3 Bg7 4. Nf3 O-O 5. Bg5 d6 6. e3 Bg4 7. Be2 Nc6 8. O-O e5 9. dxe5 Nxe5 10. Nxe5 Bxe2 11. Qxe2 dxe5 12. Rfd1 Qe7 13. Nd5 Qe6 14. Nxc7 Qc6 15. Nxa8 Rxa8 16. Bxf6 Qxf6 17. Rd7 b6 18. Rad1 e4 19. b3 h5 20. Qd2 Kh7 21. Qd5 Re8 22. Rxf7 Qe6 23. Qxe6 Rxe6 24. Rdd7 Kh6 25. Rxg7 1-0

[Event "4NCL Online Division 5"]
[Site "online"]
[Date "2021.10.19"]
[EventDate "2021.10.19"]
[Round "5.212"]
[White "Gupta, Aarav G"]
[WhiteElo "1276"]
[WhiteTeam "KCS U13B"]
[Black "Stephens, Robert Wynn"]
[BlackElo "1776"]
[BlackTeam "Anglian Avengers 3"]
[Result "0-1"]
[PlyCount "98"]

1. e4 g6 2. Nc3 Bg7 3. d4 d6 4. Be2 a6 5. Nf3 Nf6 6. h3 O-O 7. Bg5 b5 8. a3 Nbd7 9. O-O Bb7 10. e5 dxe5 11. dxe5 Ne4 12. Nd5 Nxg5 13. Nxg5 e6 14. Nf6+ Nxf6 15. Qxd8 Raxd8 16. exf6 Bxf6 17. Nf3 Bxb2 18. Ra2 Bg7 19. Rb1 Rd6 20. a4 c6 21. c4 Rfd8 22. axb5 cxb5 23. cxb5 Bxf3 24. Bxf3 axb5 25. Rxb5 Rd2 26. Ra8 Rxa8 27. Bxa8 Bf8 28. f3 Kg7 29. Kf1 Ra2 30. Be4 Bd6 31. Bb1 Rd2 32. Be4 Bg3 33. Rb1 Rf2+ 34. Kg1 Ra2 35. Rf1 f5 36. Bc6 e5 37. Bd5 Rd2 38. Bb3 Rb2 39. Bd5 Kf6 40. Bc6 Kg5 41. Bd5 Kf4 42. Bc6 Ke3 43. Bd5 h6 44. Bc6 Ke2 45. Rc1 Bf2+ 46. Kh1 Bd4 47. Bd5 Kf2 48. Bc4 Kg3 49. Bd5 Rxg2 0-1

[Event "4NCL Online Division 5"]
[Site "online"]
[Date "2021.10.19"]
[EventDate "2021.10.19"]
[Round "5.213"]
[White "Kent, Rowan"]
[WhiteElo "1495"]
[WhiteTeam "Anglian Avengers 3"]
[Black "Qiu, Winston"]
[BlackElo "1240"]
[BlackTeam "KCS U13B"]
[Result "1-0"]
[PlyCount "65"]

1. e4 d6 2. d4 c6 3. Nf3 Nd7 4. Be3 Ngf6 5. Nbd2 e6 6. Be2 a6 7. O-O Be7 8. c3 b5 9. a4 Bb7 10. Qc2 O-O 11. Bd3 e5 12. Nb3 exd4 13. cxd4 c5 14. Nbd2 c4 15. Be2 d5 16. e5 Ne4 17. Nxe4 dxe4 18. Nd2 f6 19. e6 Nb6 20. Nxe4 Bxe4 21. Qxe4 f5 22. Qc2 Nxa4 23. Bf3 Rc8 24. d5 Qd6 25. Rxa4 bxa4 26. Qxa4 f4 27. Bd4 Bf6 28. Bxf6 Rxf6 29. Re1 c3 30. bxc3 Rxc3 31. e7 Ra3 32. Qe8+ Rf8 33. Qxf8# 1-0